One letter for each answer - Statistics

General Stats
  • This quiz has been taken 45 times
  • The average score is 12 of 26
Answer Stats
Hint Answer % Correct
Animal that creates honey Bee
100%
Long and orange veggie Carrot
92%
2nd President of the United States John Adams
90%
Capital of Syria and one of the oldest cities Damascus
87%
Pompeii volcano Vesuvius
82%
Country with the 3rd biggest island in the world Indonesia
79%
Looks like a sweet potato Yam
77%
Where the Flavian Ampitheater is Rome
69%
Island that contains Haiti and the Dominican Republic Hispaniola
67%
Baikal Lake
59%
The study of bugs and insects Entomology
51%
Famous Alaskan city Fairbanks
49%
Northwestern region of Spain Galicia
46%
Bone Xray
33%
Capital of Indonesia Kuala Lumpur
28%
Burkina Faso's original name Upper Volta
28%
Equatorial country Sao Tome and Principe
23%
UN Buffer city on an island Nicosia
21%
Eton College battleground Waterloo
21%
Doc Brown's unit of energy in Back to the Future Jigawatt
15%
Malignant or cutaneous Melanoma
15%
Ohio-shaped island which sounds like Kilimanjaro's country Tasmania
15%
Billionaire's playground Zurich
13%
Meat in birria tacos Oxtail
8%
Vitamin B5 Pantothenic Acid
5%
The Fultz Sisters Quadruplets
3%
No matching quizzes found
Score Distribution
Percent of People with Each Score
Percentile by Number Answered
Your Score History
You have not taken this quiz